Chế biến đậu nành và lạc thành thức ăn giàu protéine

Đã lưu trong:
书目详细资料
主要作者: Ngạc Văn Giậu
格式: 图书
语言:Undetermined
出版: Hà Nội Nông Nghiệp 1983
主题:
标签: 添加标签
没有标签, 成为第一个标记此记录!
Thư viện lưu trữ: Trung tâm Học liệu Trường Đại học Cần Thơ
LEADER 00559nam a2200169Ia 4500
001 CTU_14508
008 210402s9999 xx 000 0 und d
082 |a 641.34655 
082 |b Gi125 
100 |a Ngạc Văn Giậu 
245 0 |a Chế biến đậu nành và lạc thành thức ăn giàu protéine 
245 0 |c Ngạc Văn Giậu 
260 |a Hà Nội 
260 |b Nông Nghiệp 
260 |c 1983 
650 |a food industry and trade,nutrition,peanuts,soyfoods 
980 |a Trung tâm Học liệu Trường Đại học Cần Thơ